00258nam a2200097Ia 4500008004100000041000800041100003000049245003100079260003100110999001900141241105s9999 xx 000 0 und d aeng aSonawane Sayali S9182909 aDestination Wedding Resort bBNCA B-Arch ID, Punec2016 c361202d361202